书目信息 |
| 题名: |
牛顿力学
|
|
| 作者: | 弗伦奇 著 ;郭敦仁 , 何成钧 译 | |
| 分册: | 1 | |
| 出版信息: | 北京 人民教育出版社 1978 |
|
| 页数: | 186页 | |
| 开本: | 20cm | |
| 丛书名: | 美国M.I.T.物理学导论丛书 | |
| 单 册: | ||
| 中图分类: | O31 | |
| 科图分类: | ||
| 主题词: | 理论力学 | |
| 电子资源: | ||
| ISBN: | ||
| 000 | 00759nam2 2200265 45 | |
| 001 | 0178005962 | |
| 005 | 20060805172342.26 | |
| 010 | @dCNY0.55 | |
| 091 | @a13012.0264 | |
| 100 | @a19950726d1978 em y0chiy0121 ea | |
| 101 | 1 | @achi@ceng |
| 102 | @aCN@b110000 | |
| 105 | @ay z 000yy | |
| 200 | 10 | @a牛顿力学@Aniu dun li xue@h1@f(美)A·P·弗伦奇著@F(mei)A·P·fu lun qi zhu@g郭敦仁,何成钧译 |
| 210 | @a北京@c人民教育出版社@d1978 | |
| 215 | @a186页@d20cm | |
| 225 | 2 | @a美国M.I.T.物理学导论丛书 |
| 410 | 0 | @120010@a美国M.I.T.物理学导论丛书 |
| 606 | @a理论力学 | |
| 690 | @aO31@v3 | |
| 701 | 0 | @a弗伦奇@Afu lun qi@4著 |
| 702 | 0 | @a郭敦仁@Aguo dun ren@4译 |
| 702 | 0 | @a何成钧@Ahe cheng jun@4译 |
| 801 | 0 | @aCN@bNLC@c20060805 |
| 905 | @dO31@e15:1 | |
| 牛顿力学.1/(美)A·P·弗伦奇著/郭敦仁,何成钧译.-北京:人民教育出版社,1978 |
| 186页;20cm.-(美国M.I.T.物理学导论丛书) |
| ISBN :CNY0.55 |
| ● |
| 相关链接 |
|
|
|
|
正题名:牛顿力学
索取号:O31/15:1
 
预约/预借
| 序号 | 登录号 | 条形码 | 馆藏地/架位号 | 状态 | 备注 |
| 1 | 0100365 | 202310007 | 密集书库/ [索取号:O31/15:1] | 在馆 | |
| 2 | 0100366 | 001449695 | 第三借阅区/ [索取号:O31/15:1] | 在馆 | |
| 3 | 0100367 | 001449560 | 第二样本阅览室/ [索取号:O31/15:1] | 在馆 | |
| 4 | 0429519 | 204295191 | 密集书库/ [索取号:O31/15:1] | 在馆 | |
| 5 | 0429520 | 204295208 | 密集书库/ [索取号:O31/15:1] | 在馆 | |
| 6 | 0430969 | 204309694 | 密集书库/ [索取号:O31/15:1] | 在馆 | |
| 7 | 0430970 | 204309701 | 密集书库/ [索取号:O31/15:1] | 在馆 | |
| 8 | 0430971 | 204309710 | 密集书库/ [索取号:O31/15:1] | 在馆 | |
| 9 | 0430972 | 204309729 | 密集书库/ [索取号:O31/15:1] | 在馆 | |
| 10 | 0431378 | 204313787 | 密集书库/ [索取号:O31/15:1] | 在馆 | |
| 11 | 0431379 | 204313796 | 密集书库/ [索取号:O31/15:1] | 在馆 | |
| 12 | 0449709 | 204497099 | 密集书库/ [索取号:O31/15:1] | 在馆 |